Normal view
MARC view
- गर्ग. स. मा
Entry Personal Name
001 - CONTROL NUMBER
- control field: 39362
003 - CONTROL NUMBER IDENTIFIER
- control field: OSt
005 - DATE AND TIME OF LATEST TRANSACTION
- control field: 20220806100307.0
008 - FIXED-LENGTH DATA ELEMENTS
- fixed length control field: 220806|| aca||aabn | a|a d
040 ## - CATALOGING SOURCE
- Original cataloging agency: OSt
- Transcribing agency: OSt
100 ## - HEADING--PERSONAL NAME
- Personal name: गर्ग. स. मा
670 ## - SOURCE DATA FOUND
- Source citation: Work cat.: (OSt)23750: गर्ग. स. मा., भारतीय समाजविज्ञान कोश भाग ४, 1995